000 00779nam a2200289Ia 4500
005 20260324115401.0
008 008 260324s9999 xx 000 0 eng d
020 _a9781315193205
037 _aEBOOK
040 _aCRL
040 _beng
040 _cCRL
041 _2eng
041 _aeng
084 _qCRL
100 _aStephen B. Richards; Catherine Lawless Frank; Joni L. Baldwin; Jennifer T. Christman
_91154455
245 0 _aManaging Classrooms and Student Behavior
245 2 _bA Response to Intervention Approach for Educators
260 _bTaylor and Francis
260 _c2018
365 _a
365 _b255
856 _uhttp://www.taylorfrancis.com/books/9781315193205
942 _cEBOOK
999 _c1745303
_d1745303